LEADER 01205nam a2200289 a 4500 001 991003799049707536 008 020 $a9788866580744 035 $ab14389435-39ule_inst 040 $aDip.to di Storia, Società e Studi sull'Uomo$bita 082 0 $a070.40285 100 1 $aMazzocco, Davide$0747752 245 10$aGiornalismo online : crossmedialità, blogging e social network:$bi nuovi strumenti dell'informazione digitale /$cDavide Mazzocco 250 $a3. ed. 260 $aRoma :$bCentro di documentazione giornalistica,$c2018 300 $a175 p. ;$c21 cm 490 0 $aJournalism & communication tools 500 $aTitolo del contenitore: Corso di giornalismo digitale 500 $a In custodia 650 4$aGiornalismo$xImpiego [di] Internet 773 $tCorso di giornalismo digitale 907 $a.b14389435$b31-07-20$c23-04-20 912 $a991003799049707536 945 $aLE023 070.402 MAZ 1 1$g1$i2023000184622$lle023$op$pE16.00$q-$rl$s- $t0$u0$v0$w0$x0$y.i15930919$z15-07-20 996 $aGiornalismo online : crossmedialità, blogging e social network$91754460 997 $aUNISALENTO 998 $ale023$b23-04-20$cm$da $e-$fita$git $h0$i0 LEADER 01303nam a2200313 i 4500 001 991002464119707536 005 20020508200639.0 008 990415s1965 it 000 0 ita d 035 $ab11013102-39ule_inst 035 $aPARLA163068$9ExL 040 $aDip.to Filosofia$bita 082 0 $a230 100 1 $aCullmann, Oscar$067965 245 10$aCristo e il tempo :$bla concezione del tempo e della storia nel cristianesimo primitivo /$cOscar Cullmann 260 $aBologna :$bIl mulino,$c1965-1967 300 $aLXXVI, 294 p. ;$c22 cm 490 0 $aCollana di studi religiosi 500 $aTrad. di Boris Ulianich 650 4$aRedenzione 650 4$aTempo$xConcezione neotestamentaria 740 0 $aCristus und die Zeit 907 $a.b11013102$b23-02-17$c28-06-02 912 $a991002464119707536 945 $aLE005 200 CUL01. 01. c. 2$g2$i2005000053542$lle005$o-$pE0.00$q-$rl$s- $t0$u0$v0$w0$x0$y.i11131068$z28-06-02 945 $aLE005 200 CUL01. 01. c. 1$g1$i2005000053559$lle005$o-$pE0.00$q-$rl$s- $t0$u0$v0$w0$x0$y.i1113107x$z28-06-02 945 $aLE022 MP 75 G 32$g1$i2022000086110$lle022$nS.i.$o-$pE0.00$q-$rl$s- $t0$u0$v0$w0$x0$y.i13071713$z05-02-04 996 $aCristo e il tempo$9205067 997 $aUNISALENTO 998 $ale005$ale022$b01-01-99$cm$da $e-$fita$git $h0$i2 LEADER 01400nam a2200349 i 4500 001 991002040139707536 008 130430s1998 ne b 001 0 eng d 020 $a9789048150830 035 $ab14111305-39ule_inst 040 $aDip.to Matematica e Fisica - Sez. Matematica$beng 082 0 $a532.5$221 084 $aAMS 35-02 084 $aAMS 35Q30 084 $aAMS 35Q35 084 $aAMS 58J70 084 $aAMS 76-02 084 $aLC QC151.A66 245 00$aApplications of group-theoretical methods in hydrodynamics /$cby V. K. Andreev ... [et al.] 260 $aDordrecht [Netherlands] ;$aBoston :$bKluwer Academic,$cc1998 300 $axii, 396 p. ;$c25 cm 440 0$aMathematics and its applications ;$v450 504 $aIncludes bibliographical references (p. [383]-394) and index 650 0$aHydrodynamics$xMathematics 650 0$aGroup theory 650 0$aDifferential equations$xNumerical solutions 700 1 $aAndreev, Viktor Konstantinovich$eauthor$4http://id.loc.gov/vocabulary/relators/aut$0732387 907 $a.b14111305$b03-03-14$c30-04-13 912 $a991002040139707536 945 $aLE013 35-XX AND21 (1998)$g1$i2013000219141$lle013$op$pE270.00$q-$rl$s- $t0$u0$v0$w0$x0$y.i15520420$z01-07-13 996 $aApplications of group-theoretical methods in hydrodynamics$91442933 997 $aUNISALENTO 998 $ale013$b30-04-13$cm$da $e-$feng$gne $h0$i0